{"text_format":"3","workbook":"xlsx","n_sheets":2,"sheets":["Sheet1","Sheet2"],"not_rendered":{"images":1},"read":"whole","date_system":"1900"}

{"sheet":"Sheet1","index":0,"n_rows":39,"n_cols":7,"rows_kept":39,"merged":[[0,0,0,1],[1,0,1,6],[38,0,38,1]]}
["附表三-3"]
["  材料-建工材料预算明细表"]
[{"$nulls":6},"单位：万元"]
["序号","建工材料","单位","数量","单价","金额","备注"]
["一","进场道路"]
[1,"进场道路挡土墙","米",{"v":960,"d":"960.00"},{"v":70,"d":"70.00"},{"$f":"D6*E6","v":{"v":67200,"d":"67,200.00"}},"含拆除、重建"]
[2,"进场道路水沟","米",200,{"v":350,"d":"350.00"},{"v":70000,"d":"70,000.00"}]
[3,"进场道路小砖铺设","平米",500,55,{"v":27500,"d":"27,500.00"}]
[4,"道路花带","平米",1730,12,{"v":20760,"d":"20,760.00"}]
["二","工业广场"]
[1,"地沟盖板","块",{"v":220,"d":"220.00"},{"v":125,"d":"125.00"},{"$f":"D11*E11","v":{"v":27500,"d":"27,500.00"}},"含排水沟清淤，盖板四周做30*3角钢边框;"]
[2,"道路花带","平米",220,12,{"v":2640,"d":"2,640.00"}]
[3,"砼硬化","平米",1450,195,{"v":282750,"d":"282,750.00"},"生活污水处理车间道路、车库前硬化"]
[4,"水泥砖","平米",500,50,{"v":25000,"d":"25,000.00"}]
[5,"防滑地砖","平米",150,50,{"v":7500,"d":"7,500.00"},"职工浴室地砖"]
[6,"喷头","套",15,1200,{"v":18000,"d":"18,000.00"},"领导浴室"]
[7,"喷头","套",160,60,{"v":9600,"d":"9,600.00"},"职工浴室"]
[8,"不锈钢球阀","件",80,20,{"v":1600,"d":"1,600.00"},"职工浴室"]
[9,"卫生间改造","处",3,1500,{"v":4500,"d":"4,500.00"},"浴室、联建楼卫生间"]
[10,"卫生间改造","间",10,2000,{"v":20000,"d":"20,000.00"},"吊顶、换气扇、防水"]
[11,"内墙腻子、涂料","平米",7280,25,{"v":182000,"d":"182,000.00"},"办公楼、1#单身公寓、联建楼走廊腻子"]
[12,"栈桥防水","平米",{"v":820,"d":"820.00"},{"v":75,"d":"75.00"},{"v":61500,"d":"61,500.00"}]
[13,"散水、台阶砼","立方",{"v":35,"d":"35.00"},{"v":350,"d":"350.00"},{"v":12250,"d":"12,250.00"}]
[14,"SBS屋面防水","平米",{"v":300,"d":"300.00"},{"v":65,"d":"65.00"},{"v":19500,"d":"19,500.00"}]
[15,"大理石台阶","平米",{"v":150,"d":"150.00"},{"v":300,"d":"300.00"},{"v":45000,"d":"45,000.00"},"办公楼、1#、2#单身公寓台阶更换防滑大理石"]
[16,"井圈井盖","套",{"v":18,"d":"18.00"},{"v":320,"d":"320.00"},{"v":5760,"d":"5,760.00"}]
[17,"场区绿化养护费","项",{"v":1,"d":"1.00"},{"v":100000,"d":"100,000.00"},{"v":100000,"d":"100,000.00"}]
[18,"道路绿化养护费","项",{"v":1,"d":"1.00"},{"v":30000,"d":"30,000.00"},{"v":30000,"d":"30,000.00"}]
["三","环保费用"]
[1,"水表效验","块",{"v":8,"d":"8.00"},null,{"v":84000,"d":"84,000.00"}]
[2,"物联卡","块/年",{"v":8,"d":"8.00"},{"v":300,"d":"300.00"},{"$f":"D31*E31","v":{"v":2400,"d":"2,400.00"}}]
[3,"水质在线运维费","项",{"v":1,"d":"1.00"},{"v":180000,"d":"180,000.00"},{"v":180000,"d":"180,000.00"}]
[4,"烟气在线运维费","项",{"v":1,"d":"1.00"},{"v":50000,"d":"50,000.00"},{"v":50000,"d":"50,000.00"}]
[5,"自行监测费用","项",{"v":1,"d":"1.00"},{"v":125800,"d":"125,800.00"},{"v":125800,"d":"125,800.00"}]
[6,"生活垃圾处置","项",{"v":1,"d":"1.00"},{"v":120000,"d":"120,000.00"},{"v":120000,"d":"120,000.00"}]
[7,"危废处置","项",{"v":1,"d":"1.00"},{"v":100000,"d":"100,000.00"},{"v":100000,"d":"100,000.00"}]
[8,"在线监测系统软件","项",{"v":1,"d":"1.00"},{"v":65000,"d":"65,000.00"},{"v":65000,"d":"65,000.00"},"水质"]
[9,"在线监测系统软件","项",{"v":2,"d":"2.00"},{"v":65000,"d":"65,000.00"},{"v":65000,"d":"65,000.00"},"烟气"]
["合计",{"$nulls":4},{"$f":"SUM(F6:F38)","v":{"v":1832760,"d":"1,832,760.00"}}]

{"sheet":"Sheet2","index":1,"n_rows":31,"n_cols":5,"rows_kept":31,"merged":[[0,0,0,4]]}
["淖尔壕煤矿2022年度地面建筑维修清单"]
[]
["序号","简要工程量","单位","数量","备注"]
["一","进场道路"]
[1,"进场道路挡土墙","米",960,"含拆除、重建"]
[2,"进场道路水沟","米",200]
[3,"进场道路小砖铺设","平米",500,"塌陷区平整"]
["二","工业广场地面修复"]
[1,"地沟盖板","块",220,"含排水沟清淤，盖板四周做30*3角钢边框;"]
[2,"砼硬化","平米",1450,"生活污水处理车间道路、车库前硬化"]
[3,"水泥砖","平米",500,"灯房浴室、办公楼后水泥砖"]
[4,"井圈井盖","套",18,"材料按照350元/套计算，考虑0.5立方混凝土。"]
["三","灯房浴室维修"]
[1,"防滑地砖","平米",150,"职工浴室地砖"]
[2,"喷头","套",15,"领导浴室，材料按1200元/套计算"]
[3,"喷头","套",160,"职工浴室，材料按50元/套计算，每季度换40个共计160个"]
[4,"不锈钢球阀","件",80,"职工浴室，材料按50元/套计算，全年更换80个。"]
[5,"卫生间改造","处",3,"浴室、联建楼卫生间，防水、隔断、腻子。"]
[6,"卫生间墙砖","平米",80]
["四","办公楼职工宿舍维护"]
[1,"内墙腻子、涂料","平米",7280,"办公楼、1#单身公寓、联建楼走廊腻子"]
[2,"栈桥防水","平米",820,"聚脲"]
[3,"散水、台阶砼","立方",35]
[4,"SBS屋面防水","平米",300]
[5,"大理石台阶","平米",150,"办公楼、1#、2#单身公寓台阶更换防滑大理石"]
["五","地面管道维护"]
[1,"汽暖管道维修","米",1000,"室外管网DN200，主材甲供。"]
[2,"水暖管道维修","米",1000,"室外管网DN150，主材甲供。"]
[3,"各类闸阀维修","个",200,"室外管网DN200、DN150、DN250、DN100各50个，主材甲供。"]
[4,"污水厂除氟池清理及维修","个",4,"矿井水处理车间内"]
[5,"污水厂108/377管网补漆","㎡",1490,"除锈、防腐、底漆和面漆各两遍"]